| 000 | 00517nam a22001817a 4500 | ||
|---|---|---|---|
| 003 | CEME | ||
| 005 | 20210628202851.0 | ||
| 008 | 210118b xxu||||| |||| 00| 0 eng d | ||
| 020 | _a81-219-2437-5 | ||
| 040 | _c. | ||
| 082 | _a621.3 THE | ||
| 100 |
_aTheraja, B.L, Theraja, A.K _957790 |
||
| 245 | _aA textbook of electrical technology vol-ii, ac and dc machines | ||
| 260 |
_aNEW DELHI _bS.CHAND _c2006 |
||
| 300 | _aXIII, 1560 P | ||
| 650 |
_aELECTRICAL TECHNOLOGY .AC AND DC MACHINES _97492 |
||
| 942 |
_cBK _2ddc |
||
| 999 |
_c571279 _d571279 |
||